| 000 | 00447nam a2200169Ia 4500 | ||
|---|---|---|---|
| 999 |
_c14328 _d14328 |
||
| 003 | OSt | ||
| 005 | 20260218173416.0 | ||
| 008 | 260210s9999 xx 000 0 und d | ||
| 020 | _a9780727760289 | ||
| 082 | _a624.0747 | ||
| 100 | _aAlphose Zingoni | ||
| 245 | 0 | _aShell Structures in Civil and Mechanical Engineering: Theory and Analysis, | |
| 250 | _a2Nd Ed. | ||
| 260 |
_bICE Publishing _aLondon _c2018 |
||
| 300 | _a444p; | ||
| 942 |
_cUG _2ddc |
||